Responses for show #7521 - Monday, May 1, 2017

Alan Lin game 6.

Contestants

Meghan Treptow, an artist from Chicago, Illinois

Matt Cohen, an electrical engineer from Weehawken, New Jersey

Alan Lin, a software engineer from Santa Barbara, California (whose 5-day cash winnings total $108,800)

Jeopardy! Round responses

PRESIDENTIAL MUSIC?
SNEAKER BRANDS
THE BOOK OF VERBS
BILLS, BILLS, BILLS
SIGNS OF THE ZODIAC
IT'S HYPHENATED
    $200 6
Michael Jackson

Meghan
    $200 1
Converse

Matt
    $200 30
(Meghan: What is greeting?)

Killing the Rising Sun

Meghan
Triple Stumper
    $200 11
Bill Gates

Meghan
    $200 15
(Alex: The ram.)

Aries

Matt
    $200 25
the off-season

Matt
    $400 7
James Taylor

Meghan
    $400 2
Nike

Matt
    $400 20
walks

Matt
    $400 12
(Wild) Bill Hickok

Alan
    $400 16
Taurus

Alan
    $400 26
the Half-Blood Prince

Matt
    $600 8
(June) Carter

Matt
    $600 3
New Balance

Matt
    $600 21
running

Meghan
    $600 13
Florida

Meghan
    $600 17
Gemini

Meghan
    $600 27
an alley-oop

Matt
    $800 9
George Clinton

Matt
    $800 4
Reebok

Triple Stumper
    $800 22
rising

Alan
    $800 14
Bill Moyers

Triple Stumper
    $2,000 18
(Alex: Meghan?)
(Meghan: What is Libra?)

Virgo

Meghan
    $800 28
the Austro-Hungarian

Alan
    $1000 10
Bush

Matt
    $1000 5
Keds

Meghan
    $1000 23
talk

Meghan
    $1000 24
(Alex: Associated with Alcoholics Anonymous.)

Bill W.

Triple Stumper
    $1000 19
Scorpio

Alan
    $1000 29
a fer-de-lance

Triple Stumper

Scores at the first commercial break (after clue 15):

Alan Matt Meghan
$400 $3,800 $2,400

Scores at the end of the Jeopardy! Round:

Alan Matt Meghan
$3,400 $5,400 $2,400

Double Jeopardy! Round responses

AFRICAN HISTORY
1940s MOVIE QUOTES
SOME "ME" TIME
HORSING AROUND
KENTUCKY
DERBY
    $400 17
(Meghan: What is Morocco?)

Algeria

MattMeghan
    $400 6
The Maltese Falcon

Alan
    $400 1
meter

Matt
    $400 7
a stud

Alan
    $400 25
(Daniel) Boone

Matt
    $400 26
a demolition derby

Matt
    $800 18
Tunisia

Alan
    $800 9
Pinocchio

Alan
    $800 2
meat and potatoes

Alan
    $800 8
a hand

Matt
    $800 13
a commonwealth

Alan
    $800 27
the Home Run Derby

Alan
    $1200 19
(David) Livingstone

Meghan
    $3,000 21
It's a Wonderful Life

Meghan
    $1200 3
Mead

Meghan
    $1200 10
(Meghan: What is a flame?)

a blaze

Meghan
Triple Stumper
    $1200 14
Mammoth Cave

Alan
    $1200 28
the Boy Scouts

Meghan
    $1600 20
(Meghan: What is Boko Haram?)

Al-Shabaab

Meghan
Triple Stumper
    $1600 22
Miracle on 34th Street

Matt
    $1600 4
a median

Matt
    $1600 11
the Eohippus

Triple Stumper
    $2,000 15
Mary Todd Lincoln

Alan
    $1600 29
roller derby

Meghan
    $2000 24
(Alan: What is Rwanda?)
(Meghan: What is Uganda?)

Angola

AlanMeghan
Triple Stumper
    $2000 23
Gentleman's Agreement

Triple Stumper
    $2000 5
meager

Meghan
    $2000 12
(Alan: What is the... what is Belgium?)

the Netherlands

Alan
Triple Stumper
    $2000 16
Morehead State

Triple Stumper
    $2000 30
Epsom Downs

Triple Stumper

Scores at the end of the Double Jeopardy! Round:

Alan Matt Meghan
$7,400 $11,000 $7,400

[wagering suggestions for these scores]

Final Jeopardy! Round responses

THE SUPREME COURT
MeghanWho is ???
$3,600
AlanWho is Rehnquist
$7,400
MattWho was Warren?
$3,801
William Rehnquist

Final scores:

Alan Matt Meghan
$14,800 $7,199 $3,800
6-day champion: $123,600 2nd place: $2,000 3rd place: $1,000

Game dynamics:

Coryat scores:

Alan Matt Meghan
$7,000 $11,000 $7,600
14 R
(including 1 DD),
2 W
18 R,
0 W
14 R
(including 1 DD),
6 W
(including 1 DD)

Combined Coryat: $25,600

The J! Archive is created by fans, for fans. The Jeopardy! game show and all elements thereof, including but not limited to copyright and trademark thereto, are the property of Jeopardy Productions, Inc. and are protected under law. This website is not affiliated with, sponsored by, or operated by Jeopardy Productions, Inc. Join the discussion at JBoard.tv.